Úlohy a význam poradenstva pri uplatnení sa uchádzača o zamestnanie na trhu práce diplomová práca

Na minha lista:
Detalhes bibliográficos
Autor principal: Holec, Jozef
Autor Corporativo: Fakulta podnikového manažmentu EU. Katedra manažmentu
Outros Autores: Matulčíková, Marta, 1964-
Formato: Livro
Idioma:eslovaco
Publicado em: Bratislava 2014
Tags: Adicionar Tag
Sem tags, seja o primeiro a adicionar uma tag!

MARC

LEADER 00000nbm a2200000 4500
001 0187966
005 20170201092115.1
041 0 |a slo 
044 |a SK 
245 1 0 |a Úlohy a význam poradenstva pri uplatnení sa uchádzača o zamestnanie na trhu práce  |b diplomová práca  |c Jozef Holec ; školiteľ: Marta Matulčíková 
264 1 |a Bratislava  |c 2014 
300 |a 76 s. 
100 1 |a Holec, Jozef 
700 1 |a Matulčíková, Marta, 1964- 
710 2 |a Fakulta podnikového manažmentu EU. Katedra manažmentu